000 00729nam a22002177a 4500
999 _c2101
_d2101
003 AR-CdUCM
008 190304b ||||| |||| 00| 0 spa d
020 _a9972-33-113-X
040 _aMUNICIPALIDAD PROVINCIAL DEL CUSCO
_cBIBLIOTECA MUNICIPAL DEL CUSCO
082 _a273.2 /
_bG63
100 _aGómez Araujo, Segundo C.
_97597
245 _aArios :
_bEl gran conquistador /
260 _aLima :
_bSan Marcos,
_c2004.
300 _a176 páginas ;
_bfotos,
_c20 cm.
500 _aReferente a la creación de un cuento mitológico, con significado gnóstico.
650 _aGnosticismo
_97598
650 _aLliteratura gnóstica
_97599
650 _aMotivación (Psicología)
_97600
942 _2ddc
_cLIBROS
945 _araen